[Event "4NCL Division 3"]
[Site "Daventry Court ENG"]
[Date "2014.05.03"]
[Round "9.238"]
[White "Plater, Ron"]
[Black "Cooper, David M"]
[Result "0-1"]
[WhiteElo "1926"]
[BlackElo "2048"]
[PlyCount "112"]
[EventDate "2014.05.03"]
[WhiteTeam "North East England 2"]
[BlackTeam "Warwickshire Select 2"]

1. d4 d5 2. Nf3 Nf6 3. c4 e6 4. g3 dxc4 5. Bg2 Bb4+ 6. Bd2 Be7 7. Nc3 O-O 8.
O-O a6 9. a4 b6 10. Bf4 Bb7 11. Ne5 Bxg2 12. Kxg2 Nd5 13. e4 Nxf4+ 14. gxf4 Qd6
15. Ne2 Nd7 16. Nxc4 Qc6 17. Qd3 Rad8 18. f3 Qb7 19. Qb3 c5 20. Rfd1 cxd4 21.
Nxd4 Rb8 22. a5 b5 23. Ne3 Nc5 24. Qa2 Nxe4 25. Nxe6 Rfc8 26. Qb3 Nc5 27. Nxc5
Bxc5 28. Ng4 Re8 29. Ne5 Rbd8 30. Rd3 Rxd3 31. Qxd3 Qe7 32. Rd1 Qe6 33. Rc1 Be7
34. Rc6 Qa2 35. Qc3 b4 36. Qc4 Qxc4 37. Nxc4 Ra8 38. Kf2 f6 39. Ke3 Kf7 40. f5
g6 41. Ke4 Ra7 42. b3 Ke8 43. Nb6 Bd8 44. fxg6 hxg6 45. Kd5 Rh7 46. Rc4 Rxh2
47. Rxb4 Rh5+ 48. Kc6 Rxa5 49. Ra4 Bxb6 50. Kxb6 Rb5+ 51. Kc6 Rxb3 52. f4 Ke7
53. Re4+ Kf7 54. Ra4 Ke6 55. Rxa6 Rc3+ 56. Kb5+ Kf5 0-1

[Event "4NCL Division 3"]
[Site "Daventry Court ENG"]
[Date "2014.05.03"]
[Round "9.245"]
[White "Hagenbach, Udo"]
[Black "Hosken, Nigel K"]
[Result "1-0"]
[WhiteElo "2176"]
[BlackElo "2136"]
[PlyCount "35"]
[EventDate "2014.05.03"]
[WhiteTeam "Jorvik"]
[BlackTeam "Gloucestershire Gambits"]

1. c4 Nf6 2. g3 e6 3. Nf3 b6 4. Bg2 Bb7 5. O-O c5 6. Nc3 Be7 7. Re1 Ne4 8. Nxe4
Bxe4 9. d4 O-O 10. b3 d6 11. Bb2 Bf6 12. Qd2 Qc7 13. dxc5 dxc5 14. Bxf6 gxf6
15. Qh6 Nc6 16. Qxf6 Rad8 17. Rad1 Rd6 18. Qf4 1-0

[Event "4NCL Division 3"]
[Site "Daventry Court ENG"]
[Date "2014.05.03"]
[Round "9.247"]
[White "Mounce, Richard B"]
[Black "Meade, Philip J"]
[Result "1/2-1/2"]
[WhiteElo "2045"]
[BlackElo "1950"]
[PlyCount "45"]
[EventDate "2014.05.03"]
[WhiteTeam "Jorvik"]
[BlackTeam "Gloucestershire Gambits"]

1. e4 c5 2. Nf3 e6 3. d4 cxd4 4. Nxd4 Nc6 5. Nb5 d6 6. N1c3 a6 7. Nd4 Qc7 8.
Be3 Nf6 9. Be2 Be7 10. O-O O-O 11. Qd2 Bd7 12. f4 Rac8 13. Rad1 Rfd8 14. Nb3
Be8 15. Qe1 b5 16. Qf2 Rb8 17. e5 dxe5 18. Rxd8 Qxd8 19. Rd1 Qc7 20. fxe5 Nd7
21. Bf4 Ndxe5 22. Qg3 Rc8 23. Ne4 1/2-1/2

[Event "4NCL Division 3"]
[Site "Daventry Court ENG"]
[Date "2014.05.03"]
[Round "9.248"]
[White "Taylor, Geoffrey P"]
[Black "Nezis, Anastasios"]
[Result "0-1"]
[WhiteElo "1876"]
[BlackElo "1928"]
[PlyCount "34"]
[EventDate "2014.05.03"]
[WhiteTeam "Gloucestershire Gambits"]
[BlackTeam "Jorvik"]

1. e4 c5 2. Nf3 d6 3. d4 cxd4 4. Nxd4 Nf6 5. Nc3 a6 6. Bg5 e6 7. f4 Be7 8. Qf3
Qc7 9. O-O-O Nbd7 10. Bd3 b5 11. a3 Rb8 12. Rhe1 h6 13. Qh3 b4 14. axb4 Rxb4
15. Be2 Nc5 16. Bf3 Rxd4 17. Rxd4 e5 0-1

[Event "4NCL Division 3"]
[Site "Daventry Court ENG"]
[Date "2014.05.03"]
[Round "9.249"]
[White "Cowan, Richard M"]
[Black "Baker, Patrick"]
[Result "1-0"]
[WhiteElo "1838"]
[BlackElo "1742"]
[PlyCount "71"]
[EventDate "2014.05.03"]
[WhiteTeam "Jorvik"]
[BlackTeam "Gloucestershire Gambits"]

1. e4 e6 2. d4 d5 3. e5 c5 4. c3 Qb6 5. Nf3 Nc6 6. a3 cxd4 7. cxd4 Nge7 8. Bd3
Nf5 9. Bxf5 exf5 10. Nc3 Be6 11. O-O Be7 12. Na4 Qd8 13. b4 b6 14. Qd3 O-O 15.
Bd2 Rc8 16. Rfc1 Qd7 17. b5 Nb8 18. Bg5 h6 19. Bxe7 Qxe7 20. Qb3 Nd7 21. Nb2 g5
22. Nd3 g4 23. Nd2 f6 24. f4 fxe5 25. fxe5 Qg5 26. Nf1 Rc4 27. Rxc4 dxc4 28.
Qa2 Rc8 29. Nb4 Nb8 30. d5 a5 31. bxa6 Bxd5 32. Nxd5 b5 33. Qf2 Nc6 34. Re1 Kg7
35. a7 Ra8 36. Qb6 1-0

[Event "4NCL Division 3"]
[Site "Daventry Court ENG"]
[Date "2014.05.03"]
[Round "9.250"]
[White "Hapeshi, Eleanor"]
[Black "Flint, Martina"]
[Result "0-1"]
[WhiteElo "1496"]
[BlackElo "1822"]
[PlyCount "100"]
[EventDate "2014.05.03"]
[WhiteTeam "Gloucestershire Gambits"]
[BlackTeam "Jorvik"]

1. e4 d6 2. Nc3 g6 3. Bc4 Bg7 4. d3 e6 5. f4 Ne7 6. Bb3 Na6 7. Nf3 Nc5 8. O-O
Nxb3 9. axb3 a6 10. Qe1 O-O 11. g4 f5 12. exf5 exf5 13. g5 Bd7 14. Be3 Nc6 15.
Qh4 Be6 16. Ne2 Qe7 17. Ned4 Bxb3 18. Rae1 Bd5 19. Nxc6 Bxc6 20. Bd4 Qf7 21.
Bf6 Rae8 22. Nd4 Bxf6 23. gxf6 Qxf6 24. Qxf6 Rxf6 25. Nxc6 Rxe1 26. Rxe1 bxc6
27. Re7 Rf7 28. Re8+ Kg7 29. h4 Kf6 30. Kf2 c5 31. b3 Re7 32. Ra8 Kg7 33. Rxa6
Kh6 34. Ra1 Kh5 35. Rh1 Kg4 36. Rg1+ Kxf4 37. Rg3 Re2+ 38. Kxe2 Kxg3 39. Kf1
Kxh4 40. c3 Kg3 41. Ke2 f4 42. Kf1 h5 43. Kg1 f3 44. Kf1 f2 45. d4 cxd4 46.
cxd4 h4 47. d5 h3 48. b4 Kf3 49. b5 h2 50. b6 h1=Q# 0-1

[Event "4NCL Division 3"]
[Site "Daventry Court ENG"]
[Date "2014.05.03"]
[Round "9"]
[White "Timson, Paul F"]
[Black "Evans, Nicholas T"]
[Result "1-0"]
[WhiteElo "2124"]
[BlackElo "1839"]
[PlyCount "123"]
[EventDate "2014.05.03"]
[WhiteTeam "Manchester Manticores 1"]
[BlackTeam "Midland Monarchs"]

1. d4 d5 2. c4 e6 3. Nc3 c6 4. cxd5 exd5 5. Bf4 Nf6 6. e3 Be7 7. Bd3 O-O 8. Qc2
Nbd7 9. Nge2 c5 10. O-O a6 11. dxc5 Nxc5 12. Bf5 Ne6 13. Rfd1 Qa5 14. Be5 Rd8
15. Bxf6 Bxf6 16. Bxh7+ Kh8 17. Bf5 d4 18. exd4 Nxd4 19. Nxd4 Bxd4 20. Bxc8
Raxc8 21. Rd3 Bxf2+ 22. Kf1 Rxd3 23. Qxd3 Qd8 24. Qxd8+ Rxd8 25. Kxf2 Rd2+ 26.
Kf3 Rxb2 27. Nd1 Rd2 28. a4 b6 29. Ne3 Rd4 30. Nf5 Rd3+ 31. Ke2 Rd5 32. Ne3 Re5
33. Rb1 b5 34. axb5 axb5 35. Rf1 Kg8 36. Rf5 Re6 37. Rxb5 g6 38. Kf3 Kg7 39. g4
Rf6+ 40. Kg3 Re6 41. Nc4 Re4 42. Rc5 Re1 43. g5 Rg1+ 44. Kf2 Rh1 45. Kg2 Rc1
46. Rc6 Rc2+ 47. Kg3 Rc3+ 48. Kg4 Rc2 49. h4 Rg2+ 50. Kf3 Rh2 51. Kg3 Re2 52.
Rf6 Ra2 53. Nd6 Ra3+ 54. Kg4 Ra4+ 55. Rf4 Ra7 56. h5 gxh5+ 57. Kxh5 Ra1 58.
Rxf7+ Kg8 59. Kg6 Rd1 60. Nf5 Rd8 61. Nh6+ Kh8 62. Rh7# 1-0

[Event "4NCL Division 3"]
[Site "Daventry Court ENG"]
[Date "2014.05.03"]
[Round "9.1"]
[White "Jina, Taran"]
[Black "Hamer, Martyn"]
[Result "1/2-1/2"]
[WhiteElo "1724"]
[BlackElo "2005"]
[PlyCount "55"]
[EventDate "2014.05.03"]
[WhiteTeam "Midland Monarchs"]
[BlackTeam "Manchester Manticores 1"]

1. e4 Nf6 2. e5 Nd5 3. d4 d6 4. c4 Nb6 5. exd6 exd6 6. Nf3 Be7 7. Nc3 O-O 8.
Be3 Bg4 9. Be2 Nc6 10. b3 Re8 11. O-O Bf6 12. Qd2 d5 13. c5 Nc8 14. a3 N8e7 15.
h3 Be6 16. b4 Nf5 17. Nd1 Nh4 18. b5 Nxf3+ 19. Bxf3 Ne7 20. a4 Nf5 21. a5 Qd7
22. Be2 Nh4 23. g4 h5 24. f3 Ng6 25. Nf2 hxg4 26. hxg4 Bh4 27. Kh2 f5 28. g5
1/2-1/2

[Event "4NCL Division 3"]
[Site "Daventry Court ENG"]
[Date "2014.05.03"]
[Round "9.2"]
[White "Burgin, Ryan"]
[Black "Mirza, Diana"]
[Result "1/2-1/2"]
[WhiteElo "2047"]
[BlackElo "1764"]
[PlyCount "64"]
[EventDate "2014.05.03"]
[WhiteTeam "Manchester Manticores 1"]
[BlackTeam "Midland Monarchs"]

1. d4 Nf6 2. Nf3 g6 3. Bg5 Bg7 4. Nbd2 d6 5. e4 Nbd7 6. Be2 O-O 7. O-O e5 8.
dxe5 dxe5 9. c3 Qe8 10. Qc2 Nc5 11. Be3 Nfd7 12. Rfe1 Ne6 13. a4 Kh8 14. Bf1 f5
15. exf5 gxf5 16. Nc4 b6 17. Bd2 e4 18. Nd4 Bb7 19. Nxe6 Qxe6 20. f4 Rad8 21.
Be3 Nc5 22. Bxc5 bxc5 23. Ne3 Bh6 24. g3 Qg6 25. Qf2 Rd7 26. Rad1 Rfd8 27. Rxd7
Rxd7 28. Rd1 Rd6 29. Bc4 Qh5 30. Be2 Qf7 31. Qf1 Bc6 32. Bb5 Bxb5 1/2-1/2

[Event "4NCL Division 3"]
[Site "Daventry Court ENG"]
[Date "2014.05.03"]
[Round "9.4"]
[White "Whitehead, Mark A"]
[Black "Jina, Asha"]
[Result "1-0"]
[WhiteElo "2006"]
[BlackElo "1528"]
[PlyCount "57"]
[EventDate "2014.05.03"]
[WhiteTeam "Manchester Manticores 1"]
[BlackTeam "Midland Monarchs"]

1. e4 e5 2. Nf3 Nc6 3. Bb5 a6 4. Ba4 Nf6 5. O-O b5 6. Bb3 Bc5 7. c3 d6 8. Re1
Bb7 9. h3 O-O 10. d3 Ne7 11. Nbd2 Ng6 12. Nf1 Nh5 13. Bg5 Nf6 14. Ng3 h6 15.
Bd2 Kh8 16. Qc1 Kh7 17. Nf5 Qd7 18. Bxh6 Nf4 19. Bxf4 exf4 20. Qxf4 Kg8 21.
Nxg7 Kxg7 22. Qg5+ Kh8 23. Qxf6+ Kg8 24. Qg6+ Kh8 25. Qh6+ Kg8 26. Ng5 Rfe8 27.
Qg6+ Kf8 28. Nh7+ Ke7 29. Qf6# 1-0

[Event "4NCL Division 3"]
[Site "Daventry Court ENG"]
[Date "2014.05.03"]
[Round "9.10"]
[White "Hewitt, Sean D"]
[Black "Freeman, Richard CP"]
[Result "1/2-1/2"]
[WhiteElo "1851"]
[BlackElo "2037"]
[PlyCount "33"]
[EventDate "2014.05.03"]
[WhiteTeam "e2e4.org.uk 5"]
[BlackTeam "MK Phoenix 2"]

1. d4 g6 2. e4 Bg7 3. Nc3 d6 4. f4 a6 5. Nf3 b5 6. Be3 Nd7 7. a4 b4 8. Ne2 Bb7
9. Ng3 c5 10. Bd3 cxd4 11. Bxd4 Bxd4 12. Nxd4 Ngf6 13. Nb3 Qb6 14. Qe2 a5 15.
Qf2 Qxf2+ 16. Kxf2 O-O 17. h3 1/2-1/2

[Event "4NCL Division 3"]
[Site "Daventry Court ENG"]
[Date "2014.05.03"]
[Round "9.11"]
[White "Martinez Villena, David"]
[Black "Towers, Nigel S"]
[Result "1/2-1/2"]
[WhiteElo "1984"]
[BlackElo "1811"]
[PlyCount "45"]
[EventDate "2014.05.03"]
[WhiteTeam "MK Phoenix 2"]
[BlackTeam "e2e4.org.uk 5"]

1. e4 c6 2. d4 d5 3. e5 c5 4. dxc5 e6 5. Nf3 Bxc5 6. Bd3 Ne7 7. O-O Nbc6 8. c3
Ng6 9. Qe2 O-O 10. a4 Qc7 11. Re1 a6 12. h4 Be7 13. g3 f5 14. exf6 Bxf6 15. Ng5
Bxg5 16. Bxg5 Nce5 17. Nd2 Nxd3 18. Qxd3 Qf7 19. Be3 e5 20. Bc5 e4 21. Qe3 Re8
22. Bd4 Bd7 23. a5 1/2-1/2

[Event "4NCL Division 3"]
[Site "Daventry Court ENG"]
[Date "2014.05.03"]
[Round "9.12"]
[White "Homolka, Vincent O"]
[Black "Valentine, Brian J"]
[Result "0-1"]
[WhiteElo "1815"]
[BlackElo "1976"]
[PlyCount "92"]
[EventDate "2014.05.03"]
[WhiteTeam "e2e4.org.uk 5"]
[BlackTeam "MK Phoenix 2"]

1. e4 Nc6 2. Bc4 Nf6 3. d3 e6 4. Nd2 d5 5. Bb5 Be7 6. Ngf3 O-O 7. O-O a6 8. Ba4
b5 9. Bb3 Bb7 10. Re1 Na5 11. exd5 Nxb3 12. Nxb3 Qxd5 13. Bf4 Rac8 14. Qe2 c5
15. Nbd2 Rfe8 16. a4 Nh5 17. Be5 f6 18. Bg3 Nxg3 19. hxg3 e5 20. axb5 axb5 21.
Ra7 c4 22. dxc4 bxc4 23. Qe4 Qxe4 24. Nxe4 Rb8 25. Nfd2 Bd5 26. Rb1 Bf7 27. Rc7
f5 28. Nc5 Bg5 29. Nf3 Bd8 30. Rb7 Rxb7 31. Nxb7 Bc7 32. Nc5 e4 33. Nd4 Bb6 34.
b4 cxb3 35. Ncxb3 e3 36. fxe3 Rxe3 37. Kh2 g6 38. Rf1 Bd5 39. Nf3 Re2 40. Nbd4
Bxd4 41. Nxd4 Rxg2+ 42. Kh3 Rd2 43. Rf4 Bg2+ 44. Kh4 h6 45. Nb3 Rxc2 46. Rd4
Bf3 0-1

[Event "4NCL Division 3"]
[Site "Daventry Court ENG"]
[Date "2014.05.03"]
[Round "9.13"]
[White "Elwin, Adrian G"]
[Black "Kirby, Paul"]
[Result "1-0"]
[WhiteElo "1969"]
[BlackElo "1816"]
[PlyCount "123"]
[EventDate "2014.05.03"]
[WhiteTeam "MK Phoenix 2"]
[BlackTeam "e2e4.org.uk 5"]

1. d4 Nf6 2. c4 e6 3. Nc3 Bb4 4. Qc2 c5 5. dxc5 Bxc5 6. Nf3 O-O 7. Bg5 Be7 8.
e3 Nc6 9. a3 a6 10. Bd3 h6 11. h4 d6 12. Bxf6 Bxf6 13. g4 Bxc3+ 14. Qxc3 Qf6
15. Qxf6 gxf6 16. O-O-O Rd8 17. g5 hxg5 18. hxg5 f5 19. Rdg1 Kg7 20. e4 Ne5 21.
Nxe5 dxe5 22. Kc2 Rh8 23. Rxh8 Kxh8 24. g6 Kg7 25. gxf7+ Kxf7 26. Rh1 Kg7 27.
Rh5 Kg6 28. Rh8 b6 29. Rd8 Bb7 30. exf5+ exf5 31. Rd6+ Kg5 32. Rxb6 Bf3 33. c5
Rc8 34. b4 a5 35. Re6 e4 36. Ba6 Rc7 37. Kc3 axb4+ 38. axb4 f4 39. Re8 Kh4 40.
Kd4 Kh3 41. Bf1+ Kh2 42. Rg8 Re7 43. c6 e3 44. fxe3 Bxc6 45. exf4 Re4+ 46. Kc5
Rxf4 47. Kxc6 Rxb4 48. Kc5 Rf4 49. Bd3 Kh3 50. Kd5 Kh4 51. Ke5 Rf2 52. Bf5 Rf1
53. Rg4+ Kh5 54. Kf6 Rf2 55. Rg3 Rf4 56. Ke5 Rb4 57. Be4 Rb5+ 58. Kf4 Kh6 59.
Rg6+ Kh5 60. Rg7 Rb6 61. Bd3 Kh6 62. Rh7# 1-0

[Event "4NCL Division 3"]
[Site "Daventry Court ENG"]
[Date "2014.05.03"]
[Round "9.14"]
[White "Booley, Graham M"]
[Black "Shaw, John S"]
[Result "1/2-1/2"]
[WhiteElo "1812"]
[BlackElo "1723"]
[PlyCount "44"]
[EventDate "2014.05.03"]
[WhiteTeam "e2e4.org.uk 5"]
[BlackTeam "MK Phoenix 2"]

1. e4 c5 2. Nc3 Nc6 3. g3 g6 4. Bg2 Bg7 5. d3 d6 6. Be3 e5 7. Qd2 Be6 8. Nge2
Nge7 9. O-O O-O 10. f4 Nd4 11. Nd1 Bg4 12. Nxd4 cxd4 13. Bf2 Qd7 14. Be1 Bh3
15. Bxh3 Qxh3 16. Qg2 Qd7 17. c3 d5 18. cxd4 exf4 19. Rxf4 Bxd4+ 20. Bf2 Bxf2+
21. Nxf2 dxe4 22. Qxe4 Nf5 1/2-1/2

[Event "4NCL Division 3"]
[Site "Daventry Court ENG"]
[Date "2014.05.03"]
[Round "9.21"]
[White "Bramson, Mike"]
[Black "Hibbitt, Arthur M"]
[Result "1/2-1/2"]
[WhiteElo "1849"]
[BlackElo "1792"]
[PlyCount "64"]
[EventDate "2014.05.03"]
[WhiteTeam "Bradford DCA Knights C"]
[BlackTeam "Banbury Bulldogs"]

1. e4 c5 2. Nf3 g6 3. Nc3 Bg7 4. Bc4 Nc6 5. d3 d6 6. O-O Nf6 7. h3 O-O 8. Re1
Na5 9. Bb3 Nxb3 10. axb3 a6 11. Bg5 Be6 12. Qd2 Qc7 13. Bh6 b5 14. Ne2 c4 15.
Bxg7 Kxg7 16. bxc4 bxc4 17. Nf4 Bd7 18. Nd5 Nxd5 19. exd5 cxd3 20. Rxe7 Rae8
21. Rxe8 Rxe8 22. Qxd3 Bb5 23. Qd4+ Kg8 24. Re1 Qxc2 25. Rxe8+ Bxe8 26. Kh2 Bb5
27. Nd2 Qd3 28. Qxd3 Bxd3 29. Kg3 Kg7 30. Kf4 f5 31. Ke3 Bb5 32. b4 Kf6 1/2-1/2

[Event "4NCL Division 3"]
[Site "Daventry Court ENG"]
[Date "2014.05.03"]
[Round "9.29"]
[White "Davison, Chris"]
[Black "Woolcock, Craig"]
[Result "0-1"]
[WhiteElo "1922"]
[BlackElo "1876"]
[PlyCount "80"]
[EventDate "2014.05.03"]
[WhiteTeam "Iceni 2"]
[BlackTeam "West is Best 2"]

1. Nf3 d5 2. b3 c5 3. Bb2 Nc6 4. e3 Bf5 5. a3 e6 6. d4 Nf6 7. Be2 h6 8. dxc5
Bxc5 9. O-O O-O 10. Nd4 Nxd4 11. exd4 Bd6 12. c4 b6 13. Nd2 Rc8 14. Nf3 Qe7 15.
Ne5 Rc7 16. Bd3 Bxd3 17. Qxd3 Rfc8 18. Rfe1 Qf8 19. Re2 a5 20. g3 a4 21. cxd5
Nxd5 22. b4 Bxe5 23. dxe5 Qe8 24. f4 g6 25. Rf1 Rd8 26. Qf3 Rc4 27. h4 h5 28.
Rd1 Qc6 29. f5 gxf5 30. Qxh5 Rg4 31. Kh2 Kg7 32. Rd4 Rg6 33. Red2 Rh8 34. Qe2
f4 35. h5 Rxg3 36. Rxd5 exd5 37. e6+ f6 38. e7 Qd7 39. e8=N+ Rxe8 40. Qf1 Qg4
0-1

[Event "4NCL Division 3"]
[Site "Daventry Court ENG"]
[Date "2014.05.03"]
[Round "9.30"]
[White "Bridges, Paul L"]
[Black "Szymanski, Mark"]
[Result "1-0"]
[WhiteElo "1863"]
[BlackElo "1828"]
[PlyCount "95"]
[EventDate "2014.05.03"]
[WhiteTeam "West is Best 2"]
[BlackTeam "Iceni 2"]

1. e4 c5 2. Nc3 d6 3. f4 g6 4. Nf3 Bg7 5. Bc4 Nc6 6. O-O Nf6 7. d3 O-O 8. Qe1
Nd4 9. Nxd4 cxd4 10. Ne2 d5 11. exd5 Nxd5 12. Ng3 Ne3 13. Bxe3 dxe3 14. c3 b5
15. Bb3 Qb6 16. d4 Bb7 17. Qxe3 e6 18. Bd1 Rad8 19. Kh1 b4 20. Bf3 Ba6 21. Rfc1
bxc3 22. bxc3 Rc8 23. Ne4 Rc7 24. a4 Qa5 25. Nc5 Bc4 26. Rab1 Rfc8 27. Be2 Bxe2
28. Qxe2 Rc6 29. Rb5 Qc7 30. g3 Bf8 31. Rb7 Qd6 32. Rxa7 Qd5+ 33. Qg2 Qxg2+ 34.
Kxg2 Bxc5 35. dxc5 Rxc5 36. a5 Rxc3 37. Rb1 Rc2+ 38. Kh3 Ra2 39. Rbb7 f5 40.
Rg7+ Kf8 41. Rxh7 Kg8 42. Rhg7+ Kh8 43. Rxg6 Rcc2 44. Kh4 Rxh2+ 45. Kg5 Ra3 46.
Rh6+ Rxh6 47. Kxh6 Rxg3 48. Ra8+ 1-0

[Event "4NCL Division 3"]
[Site "Daventry Court ENG"]
[Date "2014.05.03"]
[Round "9.39"]
[White "Compton, Alistair"]
[Black "Zhang, Anthony Y"]
[Result "1/2-1/2"]
[WhiteElo "2080"]
[BlackElo "1896"]
[PlyCount "48"]
[EventDate "2014.05.03"]
[WhiteTeam "The Rookies"]
[BlackTeam "Sandhurst Scorpions"]

1. e4 c5 2. c3 Nf6 3. e5 Nd5 4. d4 cxd4 5. Nf3 Nc6 6. cxd4 d6 7. Bc4 Nb6 8. Bb3
d5 9. Nh4 e6 10. Nf3 Be7 11. O-O Bd7 12. Nc3 O-O 13. Ne2 Rc8 14. a3 Na5 15. Bc2
Qc7 16. Nc3 f5 17. exf6 Bxf6 18. Qd3 g6 19. Ng5 Bxg5 20. Bxg5 Nbc4 21. Bc1 Nc6
22. Rb1 Qd8 23. Qg3 Qf6 24. Bh6 Rf7 1/2-1/2

[Event "4NCL Division 3"]
[Site "Daventry Court ENG"]
[Date "2014.05.03"]
[Round "9.40"]
[White "Gallagher, Daniel GH"]
[Black "Piper, Stephen J"]
[Result "1/2-1/2"]
[WhiteElo "1850"]
[BlackElo "2047"]
[PlyCount "59"]
[EventDate "2014.05.03"]
[WhiteTeam "Sandhurst Scorpions"]
[BlackTeam "The Rookies"]

1. e4 g6 2. d4 c6 3. Nc3 h5 4. Be3 d5 5. e5 Nh6 6. Nf3 Bg4 7. h3 Bxf3 8. Qxf3
e6 9. Bd3 Be7 10. g4 h4 11. O-O-O Bg5 12. Qe2 Bxe3+ 13. Qxe3 Nd7 14. f4 Qe7 15.
Rhf1 O-O-O 16. Rde1 Rdg8 17. Rg1 Re8 18. Qf2 Ref8 19. Kb1 Kb8 20. f5 gxf5 21.
gxf5 Nxf5 22. Bxf5 exf5 23. Qxf5 Rfg8 24. Rgf1 Rg7 25. e6 fxe6 26. Rxe6 Qd8 27.
Qf4+ Kc8 28. Rfe1 Rf8 29. Qd6 Rgf7 30. a4 1/2-1/2

[Event "4NCL Division 3"]
[Site "Daventry Court ENG"]
[Date "2014.05.03"]
[Round "9.41"]
[White "Jaszkiwskyj, Peter"]
[Black "Golding, Alex"]
[Result "1/2-1/2"]
[WhiteElo "1957"]
[BlackElo "1702"]
[PlyCount "179"]
[EventDate "2014.05.03"]
[WhiteTeam "The Rookies"]
[BlackTeam "Sandhurst Scorpions"]

1. d4 Nf6 2. Nf3 e6 3. Bf4 b6 4. e3 Bb7 5. h3 h6 6. Bd3 Be7 7. O-O O-O 8. Nbd2
d6 9. Bh2 Nbd7 10. c3 a6 11. Re1 Ra7 12. Qc2 Qa8 13. e4 c5 14. Rac1 Rc8 15. Qb1
b5 16. b3 Bc6 17. Qb2 Nb6 18. Bb1 Ne8 19. dxc5 dxc5 20. Ne5 Bb7 21. Qc2 g6 22.
Rcd1 Rd8 23. Bf4 Bf8 24. h4 Nf6 25. f3 Nh5 26. Bh2 Be7 27. g4 Ng7 28. Bg3 Qb8
29. Kg2 Bd6 30. Nf1 Qc7 31. Rd2 Raa8 32. Red1 Bxe5 33. Rxd8+ Rxd8 34. Rxd8+
Qxd8 35. Bxe5 Qxh4 36. Qd2 Ne8 37. Bg3 Qf6 38. Qe3 Nd7 39. Qd2 Bc6 40. Bd3 Ne5
41. Be2 g5 42. Qe3 Nd7 43. Nd2 e5 44. Nf1 Qd6 45. Bf2 Ng7 46. Ng3 Kf8 47. Kf1
Ke8 48. Ke1 Kd8 49. Bd3 Kc7 50. Kf1 Bb7 51. Kg2 Kc6 52. Bc2 Nf8 53. b4 Nfe6 54.
Ne2 Bc8 55. a4 f6 56. Bb3 c4 57. axb5+ Kxb5 58. Bc2 a5 59. Qa7 Qc7 60. Qxc7
Nxc7 61. Bc5 h5 62. Be7 Nce8 63. gxh5 Nxh5 64. bxa5 Kxa5 65. Kf2 Bd7 66. Ke1
Nc7 67. Kd2 Ne6 68. Nc1 Nef4 69. Na2 Bh3 70. Nb4 Kb5 71. Ke3 Ng6 72. Bd8 Ngf4
73. Be7 Bd7 74. Bb1 Kb6 75. Ba2 Bb5 76. Nc2 Ng6 77. Bb4 Nhf4 78. Na3 Nd3 79.
Bxc4 Nxb4 80. cxb4 Bxc4 81. Nxc4+ Kc6 82. b5+ Kc5 83. b6 Ne7 84. b7 Nc6 85. Kd3
Nb4+ 86. Kc3 Na6 87. Ne3 Kc6 88. Nd5 Kxb7 89. Nxf6 Nc5 90. Ng4 1/2-1/2

[Event "4NCL Division 3"]
[Site "Daventry Court ENG"]
[Date "2014.05.03"]
[Round "9.42"]
[White "Golding, James"]
[Black "Gibson, Christopher A"]
[Result "1/2-1/2"]
[WhiteElo "1582"]
[BlackElo "2020"]
[PlyCount "84"]
[EventDate "2014.05.03"]
[WhiteTeam "Sandhurst Scorpions"]
[BlackTeam "The Rookies"]

1. d4 d5 2. c4 e6 3. Nc3 c6 4. Nf3 dxc4 5. e3 b5 6. a4 Bb4 7. Bd2 a5 8. axb5
Bxc3 9. Bxc3 cxb5 10. b3 Bb7 11. bxc4 b4 12. Bd2 Nf6 13. Be2 Nbd7 14. O-O Ne4
15. Qa4 O-O 16. c5 Nxd2 17. Nxd2 Nxc5 18. dxc5 Qxd2 19. Ra2 Bc6 20. Rxd2 Bxa4
21. Ra1 Bc6 22. Bf3 Bxf3 23. gxf3 a4 24. Rd4 Rfb8 25. c6 e5 26. Rc4 b3 27. c7
Rc8 28. Rcxa4 Rxa4 29. Rxa4 f6 30. Rb4 Rxc7 31. Rxb3 Kf7 32. Rb6 Kg6 33. Kg2
Re7 34. Rb4 f5 35. Kg3 Re6 36. Ra4 Kh6 37. Rh4+ Kg6 38. Ra4 h6 39. Rb4 Kf6 40.
Kg2 g5 41. e4 f4 42. Rb8 Kf7 1/2-1/2

[Event "4NCL Division 3"]
[Site "Daventry Court ENG"]
[Date "2014.05.03"]
[Round "9.44"]
[White "Golding, William"]
[Black "Ressel, Eva"]
[Result "0-1"]
[WhiteElo "1401"]
[BlackElo "1527"]
[PlyCount "128"]
[EventDate "2014.05.03"]
[WhiteTeam "Sandhurst Scorpions"]
[BlackTeam "The Rookies"]

1. d4 Nf6 2. Nf3 e6 3. c3 b6 4. Bf4 Bb7 5. e3 d6 6. Nbd2 Be7 7. Bd3 Nh5 8. Bg3
Nd7 9. Nb3 c5 10. Qe2 d5 11. c4 cxd4 12. Nbxd4 Bb4+ 13. Nd2 Nxg3 14. hxg3 dxc4
15. Bxc4 Bxg2 16. Rh2 Bb7 17. a3 Bxd2+ 18. Qxd2 O-O 19. Qc2 Nf6 20. Rd1 Be4 21.
Bd3 Rc8 22. Qb1 Bxd3 23. Qxd3 e5 24. Nb5 Qxd3 25. Rxd3 a6 26. Nc3 Rfd8 27.
Rxd8+ Rxd8 28. Rh4 b5 29. a4 Nd5 30. Ne4 f6 31. Nc5 Nc7 32. axb5 axb5 33. Rb4
Rd5 34. Ne4 Na6 35. Rb3 Nc5 36. Nxc5 Rxc5 37. Kd2 Kf7 38. Rc3 Rd5+ 39. Kc2 Kg6
40. Rd3 Rxd3 41. Kxd3 Kf5 42. f3 Ke6 43. Kc3 Kd6 44. e4 g6 45. g4 h5 46. Kd2
Kc5 47. gxh5 gxh5 48. Ke3 Kc4 49. f4 Kb3 50. Kf3 Kxb2 51. Kg3 b4 52. Kh4 exf4
53. Kh3 Kc3 54. Kg2 h4 55. Kh3 f3 56. Kh2 b3 57. e5 fxe5 58. Kh1 b2 59. Kh2 f2
60. Kh3 f1=Q+ 61. Kh2 h3 62. Kg3 Qg2+ 63. Kh4 h2 64. Kh5 h1=R# 0-1

[Event "4NCL Division 3"]
[Site "Daventry Court ENG"]
[Date "2014.05.03"]
[Round "9.49"]
[White "Taylor, John Paul J"]
[Black "Evans, Craig J"]
[Result "0-1"]
[WhiteElo "1934"]
[BlackElo "1965"]
[PlyCount "50"]
[EventDate "2014.05.03"]
[WhiteTeam "Bristol 2"]
[BlackTeam "Celtic Tigers 2"]

1. e4 e5 2. f4 exf4 3. Bc4 Nc6 4. Nf3 g5 5. d4 Bg7 6. h4 h6 7. c3 d6 8. Nbd2
Qe7 9. hxg5 hxg5 10. Rxh8 Bxh8 11. Qa4 Bd7 12. Qb5 Bf6 13. d5 Nd4 14. Qxb7 Nc2+
15. Kd1 Ne3+ 16. Ke2 Rd8 17. Bb5 Nxg2 18. Nd4 Bxd4 19. cxd4 Kf8 20. a4 g4 21.
Ra3 f3+ 22. Kd1 Nf6 23. Rc3 Nxe4 24. Rxc7 Ne3+ 25. Ke1 Qh4# 0-1

[Event "4NCL Division 3"]
[Site "Daventry Court ENG"]
[Date "2014.05.03"]
[Round "9.52"]
[White "Rumsey, Victor B"]
[Black "Wang, Alyssa"]
[Result "1/2-1/2"]
[WhiteElo "1856"]
[BlackElo "1596"]
[PlyCount "47"]
[EventDate "2014.05.03"]
[WhiteTeam "Celtic Tigers 2"]
[BlackTeam "Bristol 2"]

1. d4 d5 2. c4 c6 3. Nf3 Nf6 4. Nc3 e6 5. e3 Nbd7 6. Bd3 dxc4 7. Bxc4 b5 8. Bd3
Bb7 9. a3 a6 10. b4 Bd6 11. O-O O-O 12. Bd2 e5 13. Qc2 h6 14. dxe5 Nxe5 15.
Nxe5 Bxe5 16. f4 Bc7 17. Kh1 Bb6 18. Ne4 Nxe4 19. Bxe4 Qe7 20. Rae1 Rfe8 21.
Bf3 Rac8 22. Qb2 c5 23. bxc5 Bxc5 24. Bb4 1/2-1/2

[Event "4NCL Division 3"]
[Site "Daventry Court ENG"]
[Date "2014.05.03"]
[Round "9.53"]
[White "Woolgar, Steven G"]
[Black "Larter, Nick J"]
[Result "1-0"]
[WhiteElo "1876"]
[BlackElo "1786"]
[PlyCount "111"]
[EventDate "2014.05.03"]
[WhiteTeam "Bristol 2"]
[BlackTeam "Celtic Tigers 2"]

1. c4 b6 2. Nf3 e6 3. Nc3 Bb7 4. e4 Bb4 5. Qc2 Ne7 6. Be2 O-O 7. O-O f5 8. d3
Bxc3 9. bxc3 fxe4 10. dxe4 Nbc6 11. Be3 e5 12. c5 Kh8 13. Rad1 Qe8 14. Qd3 Rd8
15. cxb6 axb6 16. Bg5 d6 17. Qe3 Ra8 18. Bc4 Ng6 19. Nh4 Nxh4 20. Bxh4 Na5 21.
Bd5 Bxd5 22. exd5 Nc4 23. Qe2 b5 24. Rb1 Qd7 25. f3 c6 26. dxc6 Qxc6 27. Rb4
Ra3 28. Rfb1 Rxc3 29. Rxb5 Na3 30. Rb6 Qc5+ 31. Bf2 Rc1+ 32. Rxc1 Qxc1+ 33. Qe1
Qxe1+ 34. Bxe1 Nc4 35. Rc6 d5 36. a4 h6 37. a5 Ra8 38. Rc5 Ne3 39. Kf2 d4 40.
Rxe5 Rc8 41. Kg3 Rc6 42. Re8+ Kh7 43. Rd8 Rg6+ 44. Kh3 Rxg2 45. Rxd4 Ra2 46.
Bc3 Nf1 47. Rd7 Rxh2+ 48. Kg4 h5+ 49. Kg5 Rg2+ 50. Kf4 h4 51. a6 h3 52. a7 Ra2
53. Rxg7+ Kh6 54. Rg1 Ra4+ 55. Ke5 Ne3 56. Bd2 1-0